| 000 | 00502ntaaa2200193 4500 | ||
|---|---|---|---|
| 003 | 01 | ||
| 005 | 20251027202931.0 | ||
| 008 | 0714s1973 ag 01 | ||
| 020 | _a0962302600 | ||
| 040 |
_aAR-BaBN _bspa _cAR-BaBN _eaacr _dRIC |
||
| 082 | _a922.6820 B21n | ||
| 100 |
_aNash, Joy Balyeat _929992 |
||
| 245 | _aGod's gaucho | ||
| 250 | _a1 ed. | ||
| 260 |
_aFort Worth : _bStonehaven Pu., _c1989 |
||
| 300 |
_a177 p ; _cfts. : 22,5 cm |
||
| 650 |
_aBalyeat, Kent Windsor (1925-1983) _929993 |
||
| 942 | _cBK | ||
| 999 |
_c24636 _d24636 |
||